[Event "Turkish Super League 2019"]
[Site "Konya"]
[Date "2019.07.18"]
[Round "2"]
[White "Heberla, Bartlomiej"]
[Black "Cansun, Can Alp"]
[Result "1-0"]
[WhiteElo "2534"]
[BlackElo "2121"]
[Annotator "TA"]
[PlyCount "145"]
[EventDate "2019.07.17"]
[EventType "team-tourn"]
[EventCountry "TUR"]
[SourceTitle "playchess.com"]
[Source "ChessBase"]
[SourceQuality "1"]

{[%evp 25,145,24,33,36,40,33,36,36,41,32,36,43,52,13,23,0,58,0,64,46,62,31,15,22,15,16,16,13,16,22,23,34,40,15,38,35,41,33,39,27,30,18,37,25,25,20,27,25,31,24,85,85,91,77,91,0,0,0,8,0,0,0,0,0,0,0,12,13,26,0,55,55,58,56,56,21,152,75,79,80,81,79,75,66,173,152,166,159,195,186,386,344,706,705,643,627,910,592,29975,29975,29981,29982,29982,29983,29983,29984,29984,29985,29985,29986,29987,29988,29988,29989,29990,29991,29992,29989,29989,29980,29990,29991]} 1. e4 c5 2. Nf3 e6 3. d4 cxd4 4. Nxd4 a6 5. Be2 Nf6 6. Nc3 Qc7 7. O-O d6 8. f4 Be7 9. Be3 O-O 10. a4 Nc6 11. Kh1 Nxd4 $146 ({Predecessor:} 11... Re8 12. Qd2 Nxd4 13. Qxd4 e5 14. Qd3 exf4 15. Bxf4 Be6 16. Rad1 Red8 {½-½ (23) Shomoev,A (2556)-Maletin,P (2527) Russia 2007}) 12. Qxd4 e5 13. Qd3 exf4 14. Bxf4 {B85: Sicilian Scheveningen: 6 Be2 a6, lines with early Be3} Be6 15. Qg3 Rfd8 16. Rad1 {White is slightly better.} Qc5 17. Bh6 {[%csl Gh6][%cal Rg3g7]} g6 18. Be3 Qe5 19. Bf4 (19. Qe1 $5 {[%cal Re3d4]} Nd7 20. Qf2 $14) 19... Qc5 20. Be3 Qe5 21. Qf3 (21. Qe1 $1 $14 Nd7 22. Qf2) 21... Bg4 (21... d5 $1 $11) 22. Qf2 $1 $14 Bxe2 23. Nxe2 {aiming for Bd4.} Rf8 24. Bd4 Ng4 {[%csl Gg4][%cal Re5h2]} 25. Qf4 Qxf4 26. Nxf4 Rac8 27. Nd5 {[%cal Rd5e7]} Bd8 28. c3 Ne5 29. Rf2 Nd7 30. b4 Bg5 31. g3 Rce8 32. h4 Bd8 33. Rf4 $36 {[%mdl 2048] White has good play.} Ne5 34. Kg2 h5 35. Ne3 Nc6 36. Nc4 Bc7 37. Bb6 Bb8 (37... Bxb6 $11 38. Nxb6 Re6) 38. b5 $16 ({Don't play} 38. Nxd6 $6 Re6 $11) 38... axb5 39. axb5 Ne5 40. Nxe5 ({But not} 40. Nxd6 $2 Re6 $19) (40. Ne3 $1 $16) 40... Rxe5 $11 41. Rd5 f5 42. c4 Rxe4 43. Rxe4 fxe4 {[%mdl 4096] Endgame KRB-KRB} 44. Rd4 Re8 45. Kf2 e3+ 46. Ke2 Kg7 47. Rd3 Rc8 (47... Kf7 $11) 48. Rxe3 $14 Kf7 49. Kd3 {Black must now prevent Kd4.} Bc7 50. Bd4 Ra8 (50... Rf8 $11) 51. Rf3+ ({White should try} 51. Ke4 $1) 51... Ke7 $16 52. Ke4 Rf8 53. Ra3 $1 Ke6 54. b6 $1 {[%cal Rb6c7]} Bd8 ({Black should play} 54... Bb8 $1 $14) 55. Ra7 $18 Rf7 56. Ra8 Rd7 {[#] intending ...d5+.} 57. Rb8 $1 d5+ $2 (57... g5 {is a better defense.}) 58. cxd5+ {[%mdl 64] Overworked Piece} Rxd5 $2 (58... Kd6 59. Be5+ Ke7) 59. Rxb7 Rb5 60. Rg7 g5 61. b7 {Rg6+ is the strong threat.} Be7 62. hxg5 {White mates.} Rxb7 63. Bc5 $1 {[%mdl 64] Pin} Rc7 64. Rxe7+ Rxe7 65. Bxe7 Kxe7 {KPP-KP} 66. Kf5 Kf7 {[#]} 67. g6+ $1 Kg7 68. Kg5 Kg8 69. Kxh5 Kg7 70. Kg5 Kg8 71. Kh6 Kh8 72. g7+ Kg8 73. g4 {Accuracy: White = 72%, Black = 49%.} 1-0

[Event "Turkish Super League 2019"]
[Site "Konya"]
[Date "2019.07.18"]
[Round "2"]
[White "Gholami, Aryan"]
[Black "Kerigan, Demre"]
[Result "1/2-1/2"]
[WhiteElo "2532"]
[BlackElo "2398"]
[Annotator "ChessBase"]
[PlyCount "83"]
[EventDate "2019.07.17"]
[EventType "team-tourn"]
[EventCountry "TUR"]
[SourceTitle "playchess.com"]
[Source "ChessBase"]
[SourceQuality "1"]
[TimeControl "40/5400+30:1800+30"]

1. d4 g6 2. e4 Bg7 3. Nc3 d6 4. Be3 a6 5. a4 Nf6 6. f3 O-O 7. Qd2 Nc6 8. Nge2 e5 9. d5 Ne7 10. Nd1 Ne8 11. g4 f5 12. gxf5 gxf5 13. Bg5 Nf6 14. Nf2 Qe8 15. Rg1 fxe4 16. fxe4 Ng6 17. Ng3 Nf4 18. Nd3 Kh8 19. Be2 Qg6 20. Bxf4 Nxe4 21. Qe3 exf4 22. Nxf4 Qg5 23. Ngh5 Qh4+ 24. Kd1 Qf2 25. Qxf2 Nxf2+ 26. Ke1 Be5 27. Kxf2 Bxf4 28. Nxf4 Rxf4+ 29. Ke3 Rf8 30. Raf1 Bf5 31. Kd2 Be4 32. c4 a5 33. Bh5 Bg6 34. Bxg6 hxg6 35. Rxf8+ Rxf8 36. Rxg6 Rf2+ 37. Kc3 Rxh2 38. Re6 Rh3+ 39. Kc2 Rh7 40. Re8+ Kg7 41. Re7+ Kg6 42. Re6+ 1/2-1/2

[Event "Turkish Super League 2019"]
[Site "Konya"]
[Date "2019.07.18"]
[Round "2"]
[White "Dimitrov, Radoslav"]
[Black "Rakhmanov, Aleksandr"]
[Result "1/2-1/2"]
[WhiteElo "2530"]
[BlackElo "2615"]
[Annotator "TA"]
[PlyCount "225"]
[EventDate "2019.07.17"]
[EventType "team-tourn"]
[EventCountry "TUR"]
[SourceTitle "playchess.com"]
[Source "ChessBase"]
[SourceQuality "1"]

{[%evp 9,224,-22,-12,-19,-7,-53,-47,-47,-47,-54,-47,-37,-39,-45,-38,-42,-48,-57,-62,-70,-62,-64,-58,-51,-46,-47,-40,-62,-18,-22,0,0,0,0,0,0,0,0,0,0,0,0,0,0,0,0,0,0,0,0,16,17,32,0,38,43,55,0,10,4,20,20,54,42,50,0,55,22,95,95,95,93,124,107,100,95,100,63,67,46,60,49,53,48,39,8,8,8,8,0,0,0,7,7,7,7,7,7,7,7,7,7,7,7,8,8,8,22,487,443,595,595,595,595,595,592,668,668,668,668,648,8,666,666,604,597,596,596,596,596,588,588,588,588,12798,340,340,340,340,341,340,340,341,341,6491,6961,1693,341,341,341,341,238,238,238,341,340,340,340,340,340,340,340,340,340,340,340,340,0,0,0,340,340,340,340,340,340,340,340,340,340,340,340,340,0,0,0,0,0,340,340,340,340,340,340,340,340,340,340,340,340,340,340,340,340,340,0,340,340,340,340,340,340,340,340,347,0,0]} 1. c4 e5 2. Nc3 Bb4 3. Nd5 a5 4. g3 Nf6 5. Nc3 $146 ({Predecessor:} 5. Bg2 Nxd5 6. cxd5 O-O 7. a3 Bc5 8. d3 c6 9. Nf3 Re8 10. dxc6 Nxc6 11. O-O d5 {½-½ (114) Howell,D (2676)-Artemiev,V (2691) Riadh 2017}) 5... c6 6. a3 {A21: English Opening: 1...e5 2 Nc3} Bxc3 7. dxc3 a4 8. Qd6 {Black is slightly better.} Qe7 9. Qxe7+ Kxe7 10. Nf3 d6 11. c5 Be6 12. cxd6+ Kxd6 13. Ng5 Bb3 14. f3 Nbd7 {[%cal Bb8d7,Bd7b6,Bb6c4][%mdl 32]} 15. e4 h6 16. Nh3 Nb6 17. Nf2 Nc4 18. Nd1 Bxd1 19. Kxd1 b5 20. Kc2 Nd7 21. Bxc4 bxc4 22. Be3 Ke6 23. Rad1 Rhd8 24. f4 Nf6 25. fxe5 Nxe4 26. Rde1 Rd5 27. Rhf1 Nc5 28. Bxc5 Rxc5 $11 {[%mdl 4096] Endgame KRR-KRR} 29. Rf4 Rb8 30. Re2 Rb7 31. Kb1 h5 32. Ree4 Rcb5 33. Re2 Rc5 34. Rh4 g6 35. Rf4 Ke7 36. Ref2 Ke6 37. Re2 Ke7 $1 38. Kc1 Rd7 (38... Kf8 $11) 39. Ree4 $16 Ra7 40. Rxc4 Rxe5 41. Rxa4 Rxa4 42. Rxa4 {KR-KR} Re2 43. Rh4 c5 44. Kb1 Kd6 45. a4 Kc6 46. Ka2 f5 47. Ka3 Rc2 $1 48. Kb3 Re2 49. Ka3 Rc2 $1 50. a5 Kb5 51. Ra4 Ka6 52. Rc4 Kb5 53. a6 Kxa6 (53... Kxc4 $2 {perishes.} 54. a7 $18) 54. Rxc5 Kb7 $1 55. Re5 Rxh2 56. Re7+ Kc8 57. Rg7 Rg2 58. Rxg6 {And now Rg5 would win.} h4 $2 {[%mdl 8192]} (58... f4 $1 $11 {and Black stays safe.} 59. Rh6 f3) 59. Rf6 $1 $18 ({And not} 59. Rg8+ Kd7 $11) 59... hxg3 {Hoping for ...Rf2.} 60. Rxf5 Rc2 61. Rg5 g2 62. Kb3 Rf2 63. Rg7 Kd8 64. c4 Ke8 65. Ka3 $2 (65. c5 $18 Kf8 66. Rg5) 65... Kf8 $2 {[%mdl 8192]} (65... Rc2 $11) 66. Rg4 Ke7 67. c5 Ke6 68. b4 Kf5 69. Rg8 Kf4 {aiming for ...Rf3+.} 70. Ka4 Kf3 71. c6 Rc2 72. b5 $2 (72. Kb5 Rc1 73. Kb6) 72... Rc4+ 73. Ka5 {Black must now prevent Rxg2!} Rg4 74. Rxg4 Kxg4 {KPP-KP} 75. c7 g1=Q {( -> ...Qa7+)} 76. c8=Q+ {KQ-KQ} Kf3 $2 (76... Kf4 77. Qc4+ Ke5) 77. Qf5+ Ke2 78. b6 $2 (78. Qe4+ Kd2 79. b6) 78... Qa1+ 79. Kb5 Qb2+ 80. Ka6 {White threatens Qb5+ and mate.} Qa3+ 81. Kb7 Ke1 (81... Qd6 $142 82. Qc2+ Kf1) 82. Qe5+ Kf2 83. Kc7 {Strongly threatening b7.} Qc1+ 84. Kb8 Qc6 85. b7 Kg2 86. Qe2+ Kh1 87. Qh5+ Kg2 88. Ka7 $2 (88. Qg4+ $18 Kh2 89. Qe2+ Kh3 90. Qh5+ Kg2 91. Qa5) 88... Qa4+ $1 $11 89. Kb6 Qb3+ $2 {[%mdl 8192]} (89... Qd4+ $1 $11 90. Qc5 Qb2+ 91. Qb5 Qf2+ 92. Qc5 Qb2+ 93. Qb5 Qd4+ 94. Qc5 Qb2+) 90. Qb5 $18 Qe3+ 91. Qc5 Qb3+ 92. Kc6 $1 {Threatening mate with Qd5+.} Qe6+ 93. Qd6 $1 {[%cal Rd6e6]} Qc4+ 94. Kb6 $1 {White wants to mate with Qc6+.} Qb3+ 95. Kc7 Qf7+ 96. Qd7 $2 ({Only move:} 96. Kb8 $1 $18) 96... Qf4+ $11 97. Qd6 $2 {[%mdl 8192]} (97. Kb6 $11 Qe3+ 98. Kc7 Qf4+ 99. Qd6 Qf7+ 100. Kb8) 97... Qf7+ $18 98. Kb6 {Qd2+ is the strong threat.} Qb3+ $1 {[#]} 99. Ka7 $1 Qa4+ 100. Qa6 Qd4+ 101. Ka8 Qd5 102. Qa3 Kh1 103. Qh3+ Kg1 104. Qe3+ Kh1 105. Qh6+ Kg2 {[#]} 106. Qg6+ $1 Kh1 107. Qa6 Kg2 108. Qe2+ Kh1 {intending ...Qa5+.} 109. Qf1+ Kh2 110. Qf6 Kh1 111. Ka7 Qa2+ 112. Kb6 Qf2+ 113. Qxf2 {Accuracy: White = 65%, Black = 67%.} 1/2-1/2

[Event "Turkish Super League 2019"]
[Site "Konya"]
[Date "2019.07.18"]
[Round "2"]
[White "Ali Marandi, Cemil Can"]
[Black "Soysal, Serkan"]
[Result "1-0"]
[WhiteElo "2527"]
[BlackElo "2431"]
[Annotator "ChessBase"]
[PlyCount "75"]
[EventDate "2019.07.17"]
[EventType "team-tourn"]
[EventCountry "TUR"]
[SourceTitle "playchess.com"]
[Source "ChessBase"]
[SourceQuality "1"]
[TimeControl "40/5400+30:1800+30"]

1. d4 {[%emt 0:00:30]} Nf6 {[%emt 0:00:30]} 2. Bg5 {[%emt 0:00:30]} d5 {[%emt 0:00:00]} 3. e3 {[%emt 0:00:30]} c5 {[%emt 0:00:00]} 4. Nd2 {[%emt 0:00:30]} Nc6 {[%emt 0:03:30]} 5. c3 {[%emt 0:01:30]} cxd4 {[%emt 0:03:30]} 6. exd4 {[%emt 0:01:30]} e6 {[%emt 0:02:30]} 7. Bd3 {[%emt 0:00:30]} h6 {[%emt 0:03:30]} 8. Bh4 {[%emt 0:00:30]} Bd6 {[%emt 0:05:30]} 9. Ngf3 {[%emt 0:02:30]} O-O {[%emt 0:00:30]} 10. O-O {[%emt 0:00:30]} Be7 {[%emt 0:15:30]} 11. Re1 {[%emt 0:03:30]} Nd7 {[%emt 0:04:30]} 12. Bxe7 {[%emt 0:01:30]} Qxe7 {[%emt 0:02:30]} 13. Nf1 {[%emt 0:01:30]} b6 {[%emt 0:16:30]} 14. Ne3 {[%emt 0:02:30]} Nf6 {[%emt 0:02:30]} 15. Ne5 {[%emt 0:10:30]} Nxe5 {[%emt 0:00:30]} 16. dxe5 {[%emt 0:00:30]} Nd7 {[%emt 0:00:00]} 17. f4 {[%emt 0:05:30]} Nc5 {[%emt 0:04:00]} 18. f5 {[%emt 0:06:30]} Qg5 {[%emt 0:10:30]} 19. f6 {[%emt 0:02:30]} Bb7 {[%emt 0:04:26]} 20. Bc2 {[%emt 0:06:30]} gxf6 {[%emt 0:04:45]} 21. exf6 {[%emt 0:05:30]} Rad8 {[%emt 0:07:22]} 22. Ng4 {[%emt 0:08:30]} Ne4 {[%emt 0:01:00]} 23. Qf3 {[%emt 0:00:30]} h5 {[%emt 0:01:56]} 24. Nf2 {[%emt 0:00:30]} Nxf6 {[%emt 0:02:25]} 25. Nh3 {[%emt 0:01:30]} Qh6 {[%emt 0:00:12]} 26. Re5 {[%emt 0:03:30]} Kh8 {[%emt 0:02:14]} 27. Rg5 {[%emt 0:04:30]} Rg8 {[%emt 0:01:34]} 28. Qf4 {[%emt 0:00:30]} Rxg5 {[%emt 0:01:34]} 29. Nxg5 {[%emt 0:00:30]} Kg7 {[%emt 0:00:24]} 30. Rf1 {[%emt 0:00:30]} Rd7 {[%emt 0:00:35]} 31. Ba4 {[%emt 0:07:30]} Re7 {[%emt 0:00:18]} 32. Qe5 {[%emt 0:00:00]} Ba6 {[%emt 0:00:25]} 33. Rf3 {[%emt 0:00:00]} Qg6 {[%emt 0:00:46]} 34. Bc2 {[%emt 0:02:30]} Qh6 {[%emt 0:00:09]} 35. Rg3 {[%emt 0:00:30]} Kh8 {[%emt 0:00:30]} 36. Qb8+ {[%emt 0:00:30]} Ne8 {[%emt 0:00:25]} 37. Qxe8+ {[%emt 0:00:30]} Rxe8 {[%emt 0:00:30]} 38. Nxf7# {[%emt 0:00:00]} 1-0

[Event "Turkish Super League 2019"]
[Site "Konya"]
[Date "2019.07.18"]
[Round "2"]
[White "Iljiushenok, Ilia"]
[Black "Benidze, Davit"]
[Result "1/2-1/2"]
[WhiteElo "2520"]
[BlackElo "2469"]
[Annotator "ChessBase"]
[PlyCount "82"]
[EventDate "2019.07.17"]
[EventType "team-tourn"]
[EventCountry "TUR"]
[SourceTitle "playchess.com"]
[Source "ChessBase"]
[SourceQuality "1"]
[TimeControl "40/5400+30:1800+30"]

1. e4 d6 2. d4 Nf6 3. Nc3 e5 4. Nf3 Nbd7 5. Bc4 Be7 6. O-O O-O 7. Re1 c6 8. a4 h6 9. h3 Re8 10. a5 Bf8 11. dxe5 dxe5 12. Nh4 Nc5 13. Qf3 Be6 14. Rd1 Qc7 15. Bxe6 Rxe6 16. Nf5 Kh7 17. Be3 Ncd7 18. g4 Bc5 19. Kh1 Bxe3 20. fxe3 Nf8 21. Rd2 g6 22. Ng3 Rd8 23. Rf2 Kh8 24. h4 N8h7 25. Rg1 Qe7 26. Rh2 Ng8 27. Nf1 Red6 28. Qg3 R8d7 29. Rf2 Rf6 30. Rh2 Re6 31. Nd2 Qb4 32. Nb3 b5 33. axb6 axb6 34. g5 h5 35. Rf2 b5 36. Rgf1 Kg7 37. Qh3 Nf8 38. Kg1 Red6 39. Qg3 Re6 {[%emt 1:10:30]} 40. Qh3 {[%emt 1:17:00]} Red6 {[%emt 0:00:30]} 41. Qg3 {[%emt 0:30:30]} Re6 {[%emt 0:30:30]} 1/2-1/2

[Event "Turkish Super League 2019"]
[Site "Konya"]
[Date "2019.07.18"]
[Round "2"]
[White "Sanal, Vahap"]
[Black "Kuzubov, Yuriy"]
[Result "0-1"]
[WhiteElo "2520"]
[BlackElo "2671"]
[Annotator "TA"]
[PlyCount "98"]
[EventDate "2019.07.17"]
[EventType "team-tourn"]
[EventCountry "TUR"]
[SourceTitle "playchess.com"]
[Source "ChessBase"]
[SourceQuality "1"]

{[%evp 14,98,22,11,7,-2,23,14,20,17,18,0,0,0,0,0,39,33,31,0,0,0,0,0,0,0,0,-11,-25,-58,-69,-62,-37,-75,-66,-75,-48,-54,-48,-47,-40,-46,-48,-41,-44,-50,-49,-50,-45,-50,-27,-57,-41,-114,-119,-149,-138,-129,-134,-112,-121,-161,-125,-308,-275,-295,-119,-140,-129,-129,-130,-196,-173,-147,-160,-262,-218,-239,-259,-6614,-6637,-29977,-29979,-29979,-29980,-29980,-29981]} 1. e4 c5 2. Nc3 $146 ({Predecessor:} 2. Nf3 Nc6 3. Nc3 e5 4. Bc4 Be7 5. d3 {½-½ (23) Geenen,M (2626)-Neto,H (2566) ICCF email 2007}) 2... d6 3. Nf3 e5 4. Bc4 Be7 5. d3 Nc6 6. O-O Nf6 7. Ng5 O-O 8. f4 Bg4 {B30: Sicilian: 2...Nc6 3 Bb5, lines without ...g6} 9. Qe1 exf4 10. Bxf4 Nd4 {The position is equal.} 11. Qd2 Qd7 12. a4 h6 13. Nf3 Nxf3+ 14. gxf3 Be6 15. Kh1 Kh7 16. Rae1 Nh5 17. Bg3 Bf6 18. Nd5 Bxd5 19. Bxd5 Bxb2 20. Rb1 Bf6 21. a5 Rab8 22. f4 b5 23. axb6 Rxb6 24. Kg2 Rfb8 25. Rxb6 Rxb6 26. Qe2 g6 27. f5 Kg7 28. Be1 Rb1 29. fxg6 fxg6 30. Qf3 Kh7 31. h3 Kg7 32. Bc4 Rc1 33. e5 (33. Bb3 $1 $15) 33... Rxc2+ $17 34. Kg1 dxe5 {Hoping for ...Qd4+.} 35. Qa8 {[%csl Gc4][%cal Ra8g8] [#]} Rxc4 $1 36. dxc4 Nf4 37. Bg3 Nxh3+ 38. Kh1 $2 {[#]} (38. Kg2 $17 Ng5 39. Bh2) 38... Nf4 $1 $19 39. Rb1 {Black must now prevent Rb7!} (39. Bxf4 exf4) 39... Be7 (39... Qh3+ $19 40. Bh2 h5 41. Qxa7+ Kh6) 40. Qe4 Qh3+ {[%mdl 64] Double Attack} 41. Bh2 Kf7 42. Ra1 (42. Rb7 $17 {was called for.}) 42... Qd3 43. Qb7 a5 $1 44. Bxf4 (44. Re1 $17 {was necessary.} Qf5 45. Ra1) 44... exf4 $17 {KQR-KQB} 45. Re1 {[#]} Qd6 $1 ({Much less strong is} 45... Qh3+ 46. Kg1) 46. Qa7 $2 (46. Qe4) 46... Qf6 $19 {( -> ...Qh4+)} 47. Qxa5 f3 {Black mates.} 48. Qd2 Qh4+ {[%mdl 64] Double Attack} 49. Kg1 {[#]} f2+ $1 {[%mdl 64] Decoy. Accuracy: White = 52%, Black = 75%.} 0-1

[Event "Turkish Super League 2019"]
[Site "Konya"]
[Date "2019.07.18"]
[Round "2"]
[White "Annaberdiev, Meilis"]
[Black "Asadli, Vugar"]
[Result "1/2-1/2"]
[WhiteElo "2515"]
[BlackElo "2502"]
[Annotator "ChessBase"]
[PlyCount "57"]
[EventDate "2019.07.17"]
[EventType "team-tourn"]
[EventCountry "TUR"]
[SourceTitle "playchess.com"]
[Source "ChessBase"]
[SourceQuality "1"]
[TimeControl "40/5400+30:1800+30"]

1. Nf3 {[%emt 0:00:30]} Nf6 {[%emt 0:00:30]} 2. c4 {[%emt 0:00:00]} g6 {[%emt 0:00:30]} 3. Nc3 {[%emt 0:00:00]} d5 {[%emt 0:00:00]} 4. cxd5 {[%emt 0:00:30]} Nxd5 {[%emt 0:01:00]} 5. e4 {[%emt 0:00:30]} Nxc3 {[%emt 0:00:30]} 6. dxc3 {[%emt 0:00:30]} Qxd1+ {[%emt 0:00:00]} 7. Kxd1 {[%emt 0:00:30]} f6 {[%emt 0:00:00]} 8. Kc2 {[%emt 0:00:30]} e5 {[%emt 0:00:30]} 9. Bc4 {[%emt 0:00:00]} Bd6 {[%emt 0:04:30]} 10. Be3 {[%emt 0:03:00]} Ke7 {[%emt 0:02:30]} 11. Nd2 {[%emt 0:03:30]} Nd7 {[%emt 0:05:30]} 12. b4 {[%emt 0:08:30]} Rd8 {[%emt 0:03:30]} 13. h4 {[%emt 0:13:30]} a5 {[%emt 0:04:30]} 14. a3 {[%emt 0:00:30]} Nf8 {[%emt 0:01:30]} 15. Be2 {[%emt 0:08:30]} axb4 {[%emt 0:07:30]} 16. axb4 {[%emt 0:00:30]} Bd7 {[%emt 0:03:30]} 17. Nc4 {[%emt 0:03:30]} Ne6 {[%emt 0:01:30]} 18. h5 {[%emt 0:09:30]} g5 {[%emt 0:00:30]} 19. g3 {[%emt 0:03:30]} Bc6 {[%emt 0:04:30]} 20. f3 {[%emt 0:04:30]} b6 {[%emt 0:00:30]} 21. Nxd6 {[%emt 0:06:30]} Kxd6 {[%emt 0:00:30]} 22. Kb2 {[%emt 0:06:30]} Ke7 {[%emt 0:01:30]} 23. Rxa8 {[%emt 0:03:30]} Rxa8 {[%emt 0:04:30]} 24. g4 {[%emt 0:05:13]} Nf4 {[%emt 0:03:30]} 25. Bc4 {[%emt 0:00:55]} Ng2 {[%emt 0:02:30]} 26. Bc1 {[%emt 0:01:32]} Nf4 {[%emt 0:01:30]} 27. Be3 {[%emt 0:03:42]} Ng2 {[%emt 0:00:30]} 28. Bc1 {[%emt 0:00:30]} Nf4 {[%emt 0:00:30]} 29. Be3 {[%emt 0:05:37]} 1/2-1/2

[Event "Turkish Super League 2019"]
[Site "Konya"]
[Date "2019.07.18"]
[Round "2"]
[White "Lobanov, Sergei"]
[Black "Firouzja, Alireza"]
[Result "0-1"]
[WhiteElo "2505"]
[BlackElo "2685"]
[Annotator "TA"]
[PlyCount "72"]
[EventDate "2019.07.17"]
[EventType "team-tourn"]
[EventCountry "TUR"]
[SourceTitle "playchess.com"]
[Source "ChessBase"]
[SourceQuality "1"]

{[%evp 16,92,35,39,35,28,65,48,51,51,70,63,85,84,82,58,64,56,71,18,80,32,37,26,39,31,35,24,27,27,44,33,82,86,73,73,112,17,29,10,18,11,30,0,0,0,0,0,0,-74,-82,-81,-14,-187,-49,-476,-511,-500,-497,-496,-541,-538,-546,-544,-543,-539,-523,-546,-546,-538,-531,-523,0,-507,-506,-4631,-4631,-4618,-1390]} 1. e4 e5 2. Nf3 Nc6 3. Bb5 a6 4. Ba4 Nf6 5. O-O b5 6. Bb3 Bc5 7. c3 d6 8. d4 Bb6 9. a4 Bg4 {C78: Ruy Lopez: Archangelsk and Möller Defences} (9... Rb8 10. a5 Ba7 11. h3 O-O 12. Be3 Ra8 13. Nbd2 h6 14. Re1 Re8 15. Qc2 exd4 16. Nxd4 Nxd4 17. cxd4 c5 {1-0 (63) Saric,I (2689)-Maghsoodloo,P (2649) Batumi 2018}) 10. h3 Bh5 11. Bg5 Rb8 {White is slightly better.} 12. d5 Na5 13. Ba2 $1 h6 $146 ({Predecessor:} 13... bxa4 14. Bxf6 Qxf6 15. Qxa4+ Ke7 16. Nbd2 g5 17. Qd1 {1-0 (44) Ruemmele,M (2554)-Van Leeuwen,E (2465) ICCF email 2010}) 14. Bxf6 $1 Qxf6 15. b4 Nb7 16. Nbd2 O-O 17. Bb1 (17. Qe2 $16) 17... Qf4 (17... bxa4 $11 {keeps the balance.} 18. Qxa4 (18. Rxa4 a5 $14) 18... a5) 18. Kh1 bxa4 19. Rxa4 a5 20. g3 Qf6 21. Kg2 axb4 22. cxb4 Nd8 23. Nc4 Qe7 24. g4 Bg6 25. Ra6 Bd4 26. Nxd4 (26. Qd2 $1 $16) 26... exd4 $11 27. Qxd4 {White wants to play Ne3.} Rxb4 28. f3 c6 29. Bd3 ({Resist} 29. dxc6 $6 Qg5 $16) 29... cxd5 30. Qxd5 Ne6 $36 {[%mdl 2048] ...Nf4+ is the strong threat. White is under pressure.} 31. Kg3 $1 Qf6 {Strongly threatening ...Nc7.} 32. Rxd6 (32. Qxd6 $11 Rb3 33. Be2) 32... Qf4+ $1 $17 33. Kg2 {[#]} h5 (33... Ra4 $1 $17 {Hoping for ...Ra2+.} 34. Rf2 Qc1) 34. gxh5 $2 {[#]} (34. Rxe6 $11 fxe6 35. Qxe6+ Bf7 36. Qd6 Rb2+ 37. Kg1 Qxd6 38. Nxd6) 34... Bxh5 (34... Qh4 $1 $19 {( -> ...Nf4+!)} 35. Rxe6 fxe6) 35. Rxe6 $4 {[%mdl 8192]} ({Better is} 35. Qxh5 $15 Qxd6 36. Nxd6 Nf4+ {[%mdl 64] Double Attack} 37. Kf2 Nxh5 38. Bc4) 35... Bxf3+ $1 $19 36. Rxf3 Rb2+ {Played: Qf4xf3} 0-1